Ephesians: (Record no. 5835)

000 -LEADER
fixed length control field 00665nam a2200181 a 4500
001 - CONTROL NUMBER
control field :::00003577$&:&@@
003 - CONTROL NUMBER IDENTIFIER
control field OkBaRHE
005 - DATE AND TIME OF LATEST TRANSACTION
control field 20000607103307.0
008 - FIXED-LENGTH DATA ELEMENTS--GENERAL INFORMATION
fixed length control field s1953 j 000 0 eng u
040 ## - CATALOGING SOURCE
Transcribing agency
100 1# - MAIN ENTRY--PERSONAL NAME
Personal name Meyer, F. B. (Frederick Brotherton), 1847-1929.
245 10 - TITLE STATEMENT
Title Ephesians:
Remainder of title a devotional commentary, "key-words of the inner life."
260 ## - PUBLICATION, DISTRIBUTION, ETC. (IMPRINT)
Place of publication, distribution, etc Grand Rapids, MI., :
Name of publisher, distributor, etc Zondervan Publishing House
Date of publication, distribution, etc 1953
300 ## - PHYSICAL DESCRIPTION
Extent 126 p. ;
Dimensions 19 cm.
650 ## - SUBJECT ADDED ENTRY--TOPICAL TERM
Topical term or geographic name as entry element Bible
General subdivision New Testament Ephesians
-- Criticism, Interpretation, etc.
942 ## - ADDED ENTRY ELEMENTS (KOHA)
Source of classification or shelving scheme
Koha item type Books
Copies
Withdrawn status Source of classification or shelving scheme Not for loan Copy number Shelving location Lost status Barcode Permanent Location Damaged status Koha item type Date last seen Price effective from Date acquired Full call number
   1General Stacks 3577RHEMA Bible Training College Books2018-04-032010-04-142010-04-14BS 2695 .M442